Enciclopedia delle matematiche elementari. Volume II, parte I /

Guardado en:
Autor Principal: Berzolari, L.
Formato: Libro
Idioma:Italian
Publicado: Milano : Ulrico Hoepli, 1937.
Etiquetas: Agregar Etiqueta
Sin Etiquetas, Sea el primero en etiquetar este registro!
LEADER 00517nam a22001455a 4500
001 MAT.inmabb001653
008 031125s1937####it############000#0#ita#d
005 20170817152900.0
245 1 0 |a Enciclopedia delle matematiche elementari.  |n Volume II, parte I /  |c a cura di L. Berzolari, G. Vivanti e D. Gigli. 
260 |a Milano :  |b Ulrico Hoepli,  |c 1937. 
300 |a xvi, 634 p. ;  |c 25 cm. 
100 1 |a Berzolari, L. 
084 |a 00A20  |2 msc2000 
010 |a  34035033  
859 |h 00A20  |i B553  |p A-2080  |v 2A  |3 Vol. II, parte I  |b BIB. MATEMATICA